Las cosas que pasan por el corazón / (Registro nro. 4336)
[ vista simple ]
| 000 -LEADER | |
|---|---|
| fixed length control field | 00837nam a2200217Ia 4500 |
| 003 - CONTROL NUMBER IDENTIFIER | |
| control field | OSt |
| 005 - DATE AND TIME OF LATEST TRANSACTION | |
| control field | 20250522114304.0 |
| 008 - FIXED-LENGTH DATA ELEMENTS--GENERAL INFORMATION | |
| fixed length control field | 191128t2015 mx jr 000 f spa d |
| 020 ## - INTERNATIONAL STANDARD BOOK NUMBER | |
| International Standard Book Number | 9789504947882 |
| 040 ## - CATALOGING SOURCE | |
| Original cataloging agency | CO-JMCR |
| Transcribing agency | CO-JMCR |
| 041 ## - LANGUAGE CODE | |
| Language code of text/sound track or separate title | spa |
| 082 04 - DEWEY DECIMAL CLASSIFICATION NUMBER | |
| Classification number | J-N |
| Item number | KIRc |
| 100 1# - MAIN ENTRY--PERSONAL NAME | |
| Personal name | Kirby, Jessi, |
| Relator term | autora |
| 9 (RLIN) | 7537 |
| 245 14 - TITLE STATEMENT | |
| Title | Las cosas que pasan por el corazón / |
| Statement of responsibility, etc. | Jessi Kirby |
| 250 ## - EDITION STATEMENT | |
| Edition statement | Primera edición |
| 260 ## - PUBLICATION, DISTRIBUTION, ETC. | |
| Place of publication, distribution, etc. | México : |
| Name of publisher, distributor, etc. | Planeta, |
| Date of publication, distribution, etc. | ©2015 |
| 300 ## - PHYSICAL DESCRIPTION | |
| Extent | 236 páginas ; |
| Dimensions | 23 cm. |
| 520 ## - SUMMARY, ETC. | |
| Summary, etc. | ¿y si la esencia de una persona estuviera en su corazón? Un año despúes de pérder al amor de su vida, Quinn Sullivan no consigue dejar el pasado atrás. Cpomo parte del duelo, escribe a todas aquellas personas que se salvaron gracias a los órganos donados. |
| 650 14 - SUBJECT ADDED ENTRY--TOPICAL TERM | |
| Topical term or geographic name entry element | Novela estadounidense |
| 9 (RLIN) | 7538 |
| 942 ## - ADDED ENTRY ELEMENTS (KOHA) | |
| Source of classification or shelving scheme | Dewey Decimal Classification |
| Koha item type | Books |
| Withdrawn status | Lost status | Source of classification or shelving scheme | Materials specified (bound volume or other part) | Damaged status | Not for loan | Collection code | Home library | Current library | Date acquired | Source of acquisition | Total Checkouts | Total Renewals | Full call number | Barcode | Date last seen | Date last checked out | Copy number | Koha item type |
|---|---|---|---|---|---|---|---|---|---|---|---|---|---|---|---|---|---|---|
| Dewey Decimal Classification | Donación--10/12/2018-- | Fiction | Biblioteca Pública José María del Castillo y Rada | Biblioteca Pública José María del Castillo y Rada | 11/28/2019 | Donación | 21 | 19 | J-N KIRc | 201811774 | 02/19/2025 | 02/14/2025 | Ej.1 | Books |